000 00205nam a22001097a 4500
040 _cSK
082 _a363
100 _aNA
245 _aEnvironmental site assessment
260 _aNA
_bNA
_cNA
942 _cEK
999 _c10344
_d10344